| 000 | 01027nam a2200217Ia 4500 | ||
|---|---|---|---|
| 003 | Ost | ||
| 005 | 20260507075553.0 | ||
| 008 | 260507s9999||||xx |||||||||||||| ||und|| | ||
| 040 | _cfsecg | ||
| 041 | _aara | ||
| 082 | _a300 | ||
| 100 |
_aالحلو، ماجد راغب _eمؤلف |
||
| 245 | 0 |
_aالنظم السياسية / _c ماجد راغب الحلو |
|
| 260 |
_aالاسكندرية: _bدار المطبوعات الجامعية, _c2006 |
||
| 300 |
_a476 صفحة؛ _c24 سم |
||
| 520 | _aذاتية الدولة من وجودها و عناصرها و شرعيتها و خصائصها و توعيتها اضافة الى حكومة الدولة و هذا من خلال اختيار الحكام و سلطات الحكم, ديمقراطية الحكومة, تنظيم و معارضة الحكومة و ديكتاتوريتها و شورى الاسلام و كذا فلسفة الحكومة. | ||
| 653 | _aالدولة | ||
| 653 | _aالسلطة | ||
| 653 | _aالنظم السياسية | ||
| 942 | _cكتاب | ||
| 999 |
_c44940 _d44940 |
||